Praktikum z Mikroekonómie

Guardado en:
Detalles Bibliográficos
Autor principal: Lennerová, Ivana, 1979-
Otros Autores: Brinčíková, Zuzana, 1979-, Horváth, Martin, Veselková, Alexandra, Holková, Vieroslava, Rozborilová, Dária
Formato: Libro
Lenguaje:eslovaco
Publicado: Bratislava IRIS 2021
Edición:1. vydanie
Materias:
Etiquetas: Agregar Etiqueta
Sin Etiquetas, Sea el primero en etiquetar este registro!

MARC

LEADER 00000nlm a2200000 4500
001 0280997
005 20240502074350.3
020 |a 978-80-8200-092-7 
041 0 |a slo 
044 |a SK 
245 1 0 |a Praktikum z Mikroekonómie  |c Ivana Lennerová - Zuzana Brinčíková - Martin Horváth - Alexandra Veselková ; recenzovali: Vieroslava Holková, Dária Rozborilová 
250 |a 1. vydanie 
264 1 |a Bratislava  |b IRIS  |c 2021 
300 |a CD-ROM 98 s. [5,15 AH] 
610 2 0 |a mikroekonomika 
610 2 0 |a trh 
610 2 0 |a mechanizmus trhový 
610 2 0 |a spotrebitelia 
610 2 0 |a konkurencia 
610 2 0 |a faktory výrobné 
610 2 0 |a trh práce 
610 2 0 |a trh kapitálový 
100 1 |a Lennerová, Ivana, 1979- 
700 1 |a Brinčíková, Zuzana, 1979- 
700 1 |a Horváth, Martin 
700 1 |a Veselková, Alexandra 
700 1 |a Holková, Vieroslava 
700 1 |a Rozborilová, Dária